Experimental methods <a> primer for economists

Na minha lista:
Detalhes bibliográficos
Autor principal: Friedman, Daniel
Outros Autores: Sunder, Shyam
Formato: Livro
Idioma:inglês
Publicado em: Cambridge Cambridge University Press 1994
Assuntos:
Tags: Adicionar Tag
Sem tags, seja o primeiro a adicionar uma tag!

MARC

LEADER 00000nam a2200000 4500
001 0117943
005 20221205071642.9
020 |a 0-521-45682-7 
041 0 |a eng 
044 |a GB 
245 1 0 |a Experimental methods  |b <a> primer for economists  |c Daniel Friedman and Shyam Sunder 
264 1 |a Cambridge  |b Cambridge University Press  |c 1994 
300 |a 229 s. 
610 2 0 |a veda ekonomická 
610 2 0 |a experimenty 
610 2 0 |a metódy 
610 2 0 |a analýzy 
610 2 0 |a dáta 
100 1 |a Friedman, Daniel 
700 1 |a Sunder, Shyam